| 000 | 00000nam 2200000za 4500 |
| 001 | 9.618763 |
| 003 | CaOODSP |
| 005 | 20240527135428 |
| 007 | ta |
| 008 | 150406|2008||||xxc||||| f|0| 0 eng d |
| 020 | |a978-0-662-48536-0 |
| 022 | |a0576-6370 |
| 040 | |aCaOODSP|beng |
| 043 | |an-cn--- |
| 086 | 1 |aCW69-1/115E |
| 110 | 2 |aCanadian Wildlife Service. |
| 245 | 10|aProductivity of Lesser Snow Geese on Banks Island, Northwest Territories, Canada, in 1995-1998 / |c[by] Gustaf Samelius, Ray T. Alisauskas and James E. Hines. |
| 260 | |aOttawa - Ontario : |bEnvironment Canada. |cc2008. |
| 300 | |a32p. : |bgraphs, maps, references, tables ; |c28 cm. |
| 490 | 1 |aOccasional paper - Canadian Wildlife Service|x0576-6370|vNo. 115 |
| 520 | 3 |aObjectives were to gather information on the number of nesting geese, nesting success, and gosling survival; evaluate the impact of weather and predation on the productivity of geese; and determine the impact of grazing by geese on plant communities. |
| 563 | |aSoftcover |
| 590 | |a09-19|b2009-05-08 |
| 690 | 07|aMigratory birds|2gcpds |
| 720 | 1 |aHines Jr., James R. |
| 720 | 1 |aSamelius, Gustaf |
| 720 | 1 |aAlisauskas, Ray T. |
| 775 | 08|tLa productivité des Petites Oies des neiges sur l'île Banks (Territoires du Nord-Ouest), Canada, de 1995 à 1998 / |w(CaOODSP)9.627809 |
| 776 | 0#|tProductivity of lesser snow geese on Banks Island, Northwest Territories, Canada, in 1995–1998 |w(CaOODSP)9.856191 |
| 830 | #0|aOccasional paper (Canadian Wildlife Service)|x0576-6370|vNo. 115|w(CaOODSP)9.514489 |